=LDR 00000nam 2200000 4500 =001 INLIS000000000054031 =005 20200312080929 =035 ##$$a 0010-0519000093 =007 ta =008 200312################g##########0#ind## =020 ##$$a 978-979-17855-6-3 =082 ##$$a 297.959 865 =084 ##$$a 297.959 865 FAC k =100 #$$a Fachrir Rahman =245 1#$$a Kerajaan-kerajaan islam di Nusa Tenggara Barat /$c M fachrir rahman; Editor, Muma mukhlis de la leon =250 ##$$a Cet 1 =260 ##$$a Ampenan :$b Alam tara Institute,$c 2014 =300 ##$$a 254 hlm : $b ilus. ; $c 16 x 24 cm =650 #4$$a Islam, kerajaan- NTB =504 ##$$a Bibliografi hlm 248-253 =990 ##$$a 51900031 =990 ##$$a 51900031